NLSUI OPAC header image

Deshiyateya Neralally Vikendrikarana (Record no. 117277)

MARC details
000 -LEADER
fixed length control field 00413nam a22001457a 4500
005 - DATE AND TIME OF LATEST TRANSACTION
control field 20200613163557.0
008 - FIXED-LENGTH DATA ELEMENTS--GENERAL INFORMATION
fixed length control field 200613b2008 ||||| |||| 00| 0 eng
020 ## - INTERNATIONAL STANDARD BOOK NUMBER
International Standard Book Number Deshiyateya Neralally
082 ## - DEWEY DECIMAL CLASSIFICATION NUMBER
Classification number 320.8 PUJ
100 ## - MAIN ENTRY--PERSONAL NAME
Dates associated with a name Pujary M Chandra
245 ## - TITLE STATEMENT
Title Deshiyateya Neralally Vikendrikarana
260 ## - PUBLICATION, DISTRIBUTION, ETC.
Place of publication, distribution, etc. Hampi
Name of publisher, distributor, etc. Kannada University Prasaranaga
Date of publication, distribution, etc. 2008
650 ## - SUBJECT ADDED ENTRY--TOPICAL TERM
Form subdivision Decentralisation- India
942 ## - ADDED ENTRY ELEMENTS (KOHA)
Source of classification or shelving scheme Dewey Decimal Classification
Koha item type BOOKs
Holdings
Withdrawn status Lost status Source of classification or shelving scheme Materials specified (bound volume or other part) Damaged status Not for loan Home library Current library Shelving location Date acquired Total Checkouts Full call number Barcode Date last seen Price effective from Koha item type Public note
    Dewey Decimal Classification PB     . . CSSEIP Office Library - Ambedkar Studies Books 13.06.2020   320.8 PUJ AMB057 13.06.2020 13.06.2020 CSSEIP Office Library Collection Available in CSSEIP Department Library